000 00466nas a22001457a 4500
999 _c1211
_d1211
008 130305t20019999-us||||| |||| 00| 0 spa d
245 _aMedicamentos y terapeutica
260 _aWashington D. C.:
_bFundacion Panamericana de la Salud y Educacion,
_c2001
300 _av. :
310 _acuatrimestral
546 _aespaƱol
590 _aExistencias: 2001 20(1-3) BAJA DEPOSITO (CAJA 21) MAYO 2019
650 _aPREPARACIONES FARMACEUTICAS
_91907
942 _2ddc
_cCR